[Event "FIDE Chesscom Grand Swiss 2019"]
[Site "Douglas-Isle of Man"]
[Date "2019.10.20"]
[Round "10.11"]
[White "Movsesian, Sergei"]
[Black "Jobava, Baadur"]
[Result "1/2-1/2"]
[WhiteElo "2654"]
[BlackElo "2617"]
[Annotator "ChessBase"]
[PlyCount "61"]
[EventDate "2019.10.10"]
[EventType "swiss"]
[EventCountry "GBR"]
[SourceTitle "playchess.com"]
[Source "ChessBase"]
[SourceQuality "1"]
[TimeControl "40/6000+30:20/3000+30:900+30"]

1. e4 {[%emt 0:00:00]} e5 {[%emt 0:00:00]} 2. Nf3 {[%emt 0:00:00]} Nc6 {[%emt 0:00:00]} 3. Nc3 {[%emt 0:00:03]} Nf6 {[%emt 0:00:52]} 4. d4 {[%emt 0:00:38]} exd4 {[%emt 0:00:11]} 5. Nxd4 {[%emt 0:00:04]} Bb4 {[%emt 0:01:50]} 6. Nxc6 {[%emt 0:00:56]} bxc6 {[%emt 0:00:13]} 7. Bd3 {[%emt 0:00:27]} d5 {[%emt 0:01:32]} 8. exd5 {[%emt 0:02:13]} cxd5 {[%emt 0:00:19]} 9. O-O {[%emt 0:00:09]} O-O {[%emt 0:00:06]} 10. Bg5 {[%emt 0:00:24]} c6 {[%emt 0:00:18]} 11. Qf3 {[%emt 0:00:34]} Bd6 {[%emt 0:04:48]} 12. Rae1 {[%emt 0:01:36]} Rb8 {[%emt 0:03:44]} 13. Nd1 {[%emt 0:02:54]} h6 {[%emt 0:03:31]} 14. Bxf6 {[%emt 0:00:19]} Qxf6 {[%emt 0:00:07]} 15. Qxf6 {[%emt 0:00:11]} gxf6 {[%emt 0:00:07]} 16. b3 {[%emt 0:00:16]} f5 {[%emt 0:00:24]} 17. Ne3 {[%emt 0:00:43]} f4 {[%emt 0:00:10]} 18. Nf5 {[%emt 0:00:17]} Bxf5 {[%emt 0:00:09]} 19. Bxf5 {[%emt 0:00:02]} Rfe8 {[%emt 0:03:00]} 20. Bd7 {[%emt 0:05:01]} Rxe1 {[%emt 0:00:18]} 21. Rxe1 {[%emt 0:00:01]} c5 {[%emt 0:00:16]} 22. Re8+ {[%emt 0:01:13]} Rxe8 {[%emt 0:00:07]} 23. Bxe8 {[%emt 0:00:02]} Kf8 {[%emt 0:00:10]} 24. Bc6 {[%emt 0:00:19]} d4 {[%emt 0:00:05]} 25. Bd5 {[%emt 0:00:43]} Ke7 {[%emt 0:00:10]} 26. Kf1 {[%emt 0:00:29]} f6 {[%emt 0:00:09]} 27. Ke2 {[%emt 0:00:36]} Bc7 {[%emt 0:00:09]} 28. g3 {[%emt 0:01:29]} fxg3 {[%emt 0:00:12]} 29. hxg3 {[%emt 0:00:21]} Ba5 {[%emt 0:00:13]} 30. Be4 {[%emt 0:00:31]} Bc3 {[%emt 0:00:12]} 31. Bd3 {[%emt 0:00:39]} 1/2-1/2

[Event "FIDE Chesscom Grand Swiss 2019"]
[Site "Douglas-Isle of Man"]
[Date "2019.10.20"]
[Round "10.12"]
[White "Nguyen, Ngoc Truong Son"]
[Black "Vidit, Santosh Gujrathi"]
[Result "1/2-1/2"]
[WhiteElo "2638"]
[BlackElo "2718"]
[Annotator "TA"]
[PlyCount "36"]
[EventDate "2019.10.10"]
[EventType "swiss"]
[EventCountry "GBR"]
[SourceTitle "playchess.com"]
[Source "ChessBase"]
[SourceQuality "1"]

{[%evp 20,36,22,24,25,1,2,3,0,0,0,0,0,0,0,0,0,-2,0]} 1. d4 Nf6 2. Nf3 $146 ({Predecessor:} 2. c4 e6 3. Nf3 {½-½ (19) Ma,Q (2626)-Yu,Y (2738) Daqing 2019}) 2... d5 3. c4 e6 4. Nc3 Bb4 5. Bg5 h6 6. Bxf6 Qxf6 7. e3 O-O 8. Rc1 dxc4 9. Bxc4 c5 10. O-O cxd4 11. Nxd4 Bd7 {D38: Queen's Gambit Declined: Ragozin Defence (4 Nf3 Bb4)} 12. Qb3 Nc6 {The position is equal.} 13. Nxc6 Bxc3 $1 14. Rxc3 Bxc6 15. Bb5 Bd5 16. Bc4 Bc6 17. Bb5 Bd5 18. Bc4 Bc6 1/2-1/2

[Event "FIDE Chesscom Grand Swiss 2019"]
[Site "Douglas-Isle of Man"]
[Date "2019.10.20"]
[Round "10.13"]
[White "Xiong, Jeffery"]
[Black "Sevian, Samuel"]
[Result "1/2-1/2"]
[WhiteElo "2708"]
[BlackElo "2654"]
[Annotator "TA"]
[PlyCount "98"]
[EventDate "2019.10.10"]
[EventType "swiss"]
[EventCountry "GBR"]
[SourceTitle "playchess.com"]
[Source "ChessBase"]
[SourceQuality "1"]

{[%evp 9,98,0,0,0,4,-10,0,-5,0,0,44,46,43,45,33,26,26,24,20,19,27,18,29,7,16,0,0,0,15,6,14,-24,-22,-38,-38,-38,-36,-38,-38,-45,-38,-38,-45,-48,-39,-40,-12,-14,0,-35,-26,-58,-61,-94,-73,-99,-110,-164,-161,-177,-178,-179,-157,-158,-108,-101,-90,-91,0,-115,-122,-132,-41,-41,-45,-43,0,-26,0,-47,0,-11,0,-8,0,0,0,0,0,0,0]} 1. c4 e5 2. g3 Nf6 3. Bg2 c6 4. d4 e4 5. d5 (5. Bg5 d5 6. Bxf6 Qxf6 7. Nc3 Bb4 8. e3 O-O 9. Nge2 Be6 10. O-O Qe7 11. Nf4 Bxc3 12. bxc3 Nd7 {½-½ (27) So,W (2754)-Anand,V (2767) Zagreb 2019}) 5... Bb4+ 6. Bd2 {A20: English Opening: 1...e5} Qe7 7. e3 O-O 8. Nc3 Na6 {[%cal Bb8a6,Ba6c5,Bc5d3][%mdl 32]} 9. Nge2 d6 10. dxc6 $1 bxc6 11. O-O Re8 $146 ({Predecessor:} 11... Rb8 12. Nd4 Bd7 {0-1 (59) Ptacnikova,L (2192)-Baldvinsson,L (1939) Reykjavik 2016}) 12. Qa4 Rb8 13. a3 ({And not} 13. Qxc6 Nc5 $17) 13... Nc5 14. Qc2 ({Worse is} 14. Qxc6 Rb6 $17) 14... Bxc3 $1 15. Bxc3 Bg4 16. Nd4 Bd7 17. Rab1 Nd3 18. b4 h5 19. b5 cxb5 20. cxb5 {With the idea Nc6.} (20. Nxb5 {feels hotter.} Rbc8 21. Bxf6 Qxf6 22. Bxe4 Ne5 23. Qd1) 20... Rbc8 21. Nc6 Bxc6 22. bxc6 Rxc6 {White must now prevent ...Nd5.} 23. Bxf6 Rxc2 24. Bxe7 Rxe7 25. Rb8+ Kh7 26. Rb7 {[%mdl 64] Decoy} Rxb7 27. Bxe4+ {[%mdl 64] Double Attack} f5 28. Bxb7 $11 {[%mdl 4096] Endgame KRB-KRN} Ra2 29. e4 Kg6 30. Rb1 Rxa3 31. Bc6 f4 32. Be8+ Kg5 33. Rb5+ (33. Bb5 $17) 33... Ne5 $19 34. gxf4+ Kxf4 35. Bxh5 {[#]} g6 $1 {[%cal Rg6h5]} 36. Be2 Ra2 37. Kf1 Ra1+ 38. Kg2 Ra2 39. Kf1 $1 Kxe4 40. Rb4+ {[#]} Kf5 (40... Kd5 $1 $17 41. Rb1 g5 42. Rd1+ Kc6 43. Rc1+ Kd7) 41. Rd4 $1 $15 Ra1+ 42. Kg2 Ra2 43. Kf1 Ra1+ 44. Kg2 Re1 45. Bf1 {The position is equal.} a5 46. Rxd6 a4 47. Ra6 Ra1 48. h4 a3 49. Ra4 a2 {Accuracy: White = 59%, Black = 43%.} 1/2-1/2

[Event "FIDE Chesscom Grand Swiss 2019"]
[Site "Douglas-Isle of Man"]
[Date "2019.10.20"]
[Round "10.13"]
[White "Puranik, Abhimanyu"]
[Black "Papaioannou, Ioannis"]
[Result "1/2-1/2"]
[WhiteElo "2571"]
[BlackElo "2645"]
[Annotator "ChessBase"]
[PlyCount "62"]
[EventDate "2019.10.10"]
[EventType "swiss"]
[EventCountry "GBR"]
[SourceTitle "playchess.com"]
[Source "ChessBase"]
[SourceQuality "1"]
[TimeControl "40/6000+30:20/3000+30:900+30"]

1. e4 {[%emt 0:00:00]} c5 {[%emt 0:00:00]} 2. Nc3 {[%emt 0:00:00]} a6 {[%emt 0:00:00]} 3. g3 {[%emt 0:00:25]} b5 {[%emt 0:01:14]} 4. Bg2 {[%emt 0:00:22]} Bb7 {[%emt 0:00:10]} 5. Nge2 {[%emt 0:00:36]} e5 {[%emt 0:07:50]} 6. O-O {[%emt 0:03:44]} Nf6 {[%emt 0:00:16]} 7. d3 {[%emt 0:04:57]} Be7 {[%emt 0:00:50]} 8. f4 {[%emt 0:04:53]} d6 {[%emt 0:01:28]} 9. a4 {[%emt 0:09:33]} b4 {[%emt 0:01:59]} 10. Nd5 {[%emt 0:05:44]} Nxd5 {[%emt 0:01:23]} 11. exd5 {[%emt 0:00:06]} Nd7 {[%emt 0:00:21]} 12. c4 {[%emt 0:08:05]} Bf6 {[%emt 0:02:08]} 13. Ra2 {[%emt 0:09:18]} O-O {[%emt 0:01:28]} 14. b3 {[%emt 0:01:14]} Re8 {[%emt 0:01:49]} 15. Kh1 {[%emt 0:02:32]} Bc8 {[%emt 0:02:12]} 16. Be4 {[%emt 0:06:54]} Ra7 {[%emt 0:03:02]} 17. f5 {[%emt 0:05:59]} Bg5 {[%emt 0:01:16]} 18. Ng1 {[%emt 0:01:49]} Bxc1 {[%emt 0:07:30]} 19. Qxc1 {[%emt 0:00:16]} Nf6 {[%emt 0:03:44]} 20. Rg2 {[%emt 0:02:20]} h6 {[%emt 0:04:45]} 21. g4 {[%emt 0:03:09]} Kf8 {[%emt 0:00:34]} 22. Nf3 {[%emt 0:04:59]} Ke7 {[%emt 0:03:29]} 23. Rfg1 {[%emt 0:09:48]} Rg8 {[%emt 0:04:44]} 24. g5 {[%emt 0:07:35]} hxg5 {[%emt 0:00:24]} 25. Qxg5 {[%emt 0:00:07]} Kd7 {[%emt 0:10:17]} 26. Qh4 {[%emt 0:03:30]} Qf8 {[%emt 0:03:10]} 27. Ng5 {[%emt 0:02:18]} Rh8 {[%emt 0:02:03]} 28. Qf2 {[%emt 0:01:34]} Kd8 {[%emt 0:02:46]} 29. Nf3 {[%emt 0:00:20]} Rh7 {[%emt 0:01:01]} 30. Ng5 {[%emt 0:05:05]} Rh8 {[%emt 0:00:02]} 31. Nf3 Rh7 1/2-1/2

[Event "FIDE Chesscom Grand Swiss 2019"]
[Site "Douglas-Isle of Man"]
[Date "2019.10.20"]
[Round "10.14"]
[White "Hovhannisyan, Robert"]
[Black "Vallejo Pons, Francisco"]
[Result "1-0"]
[WhiteElo "2639"]
[BlackElo "2694"]
[Annotator "TA"]
[PlyCount "59"]
[EventDate "2019.10.10"]
[EventType "swiss"]
[EventCountry "GBR"]
[SourceTitle "playchess.com"]
[Source "ChessBase"]
[SourceQuality "1"]

{[%evp 15,69,0,3,-2,2,-14,33,22,47,44,63,53,63,62,61,62,55,23,151,198,169,99,161,162,127,85,78,79,86,113,91,93,82,88,207,202,187,230,309,297,367,71,793,758,728,393,1159,1164,6620,2930,2024,1519,29984,29985,29992,29993]} 1. e4 c5 2. Nf3 d6 3. d4 cxd4 4. Nxd4 Nf6 5. Nc3 a6 6. Be2 e5 7. Nb3 Be7 8. Be3 Be6 9. g4 {B92: Sicilian Najdorf: 6 Be2} (9. h4 Nbd7 10. g4 Nb6 11. g5 Nfd7 12. Bg4 Nc4 13. Bxe6 fxe6 14. Qg4 Nf8 15. O-O-O Qc7 16. Rd3 Rc8 {0-1 (42) Sychev,K (2579)-Sarana,A (2651) Skolkovo 2019}) 9... h6 10. Rg1 b5 11. h4 $146 {White is slightly better.} ({Predecessor:} 11. Nd5 Nxd5 12. exd5 Bd7 13. Qd2 a5 14. Nc1 Na6 15. Nd3 Rc8 16. f4 Bh4+ 17. Kf1 f6 18. Ne1 Nc5 19. Nf3 exf4 20. Bxc5 {1-0 (20) Zunker,R (2044)-Krebs,D (1935) Bad Sooden 2011}) 11... b4 12. Nd5 $1 Nxd5 13. exd5 Bd7 14. Nd2 Bxh4 15. Ne4 Be7 16. Qd2 {[%mdl 1024] White has compensation.} a5 (16... Bb5 $1 $11 {keeps the balance.}) 17. O-O-O $1 $16 Na6 18. Kb1 (18. f4 $18) 18... Qc7 (18... a4 $16) 19. f4 $18 exf4 20. Bxf4 Nc5 21. Nxc5 Qxc5 22. Be3 Qc7 23. g5 hxg5 24. Bxg5 Bf5 (24... Bf6 $16 {might work better.}) 25. Bb5+ Kf8 {[#]} 26. Bc6 $1 Rb8 27. Rdf1 Bh7 {[#]} ({Wrong is} 27... Bxg5 $2 28. Qxg5 g6 29. Rxf5 $18) 28. Ka1 $2 $40 {[%mdl 128] White wants a kill.} (28. Qf4 $1 $18 {[%csl Gf1][%cal Rf4f7][%mdl 512]} Bxg5 29. Qxg5) 28... Bg8 $2 {[%mdl 8192]} (28... Kg8 $16) 29. Be3 Rh7 30. Qd4 {Played: Qd2-g2} 1-0

[Event "FIDE Chesscom Grand Swiss 2019"]
[Site "Douglas-Isle of Man"]
[Date "2019.10.20"]
[Round "10.14"]
[White "Harika, Dronavalli"]
[Black "Riazantsev, Alexander"]
[Result "1/2-1/2"]
[WhiteElo "2495"]
[BlackElo "2645"]
[Annotator "ChessBase"]
[PlyCount "86"]
[EventDate "2019.10.10"]
[EventType "swiss"]
[EventCountry "GBR"]
[SourceTitle "playchess.com"]
[Source "ChessBase"]
[SourceQuality "1"]
[TimeControl "40/6000+30:20/3000+30:900+30"]

1. Nf3 {[%emt 0:03:14]} d5 {[%emt 0:00:00]} 2. d4 {[%emt 0:00:09]} Nf6 {[%emt 0:00:10]} 3. c4 {[%emt 0:00:06]} e6 {[%emt 0:00:21]} 4. g3 {[%emt 0:00:18]} Bb4+ {[%emt 0:00:32]} 5. Bd2 {[%emt 0:00:56]} a5 {[%emt 0:00:50]} 6. Bg2 {[%emt 0:00:16]} O-O {[%emt 0:00:14]} 7. Qc2 {[%emt 0:04:54]} c5 {[%emt 0:01:21]} 8. O-O {[%emt 0:07:11]} cxd4 {[%emt 0:06:22]} 9. Nxd4 {[%emt 0:03:29]} e5 {[%emt 0:15:34]} 10. Nb5 {[%emt 0:03:07]} d4 {[%emt 0:06:20]} 11. Bxb4 {[%emt 0:22:36]} axb4 {[%emt 0:00:04]} 12. Nd2 {[%emt 0:00:05]} Na6 {[%emt 0:10:03]} 13. a3 {[%emt 0:06:32]} Qe7 {[%emt 0:03:59]} 14. h3 {[%emt 0:11:48]} g6 {[%emt 0:23:08]} 15. axb4 {[%emt 0:00:54]} Nxb4 {[%emt 0:05:04]} 16. Qb3 {[%emt 0:00:27]} Bf5 {[%emt 0:00:19]} 17. Rxa8 {[%emt 0:00:38]} Rxa8 {[%emt 0:00:05]} 18. e4 {[%emt 0:09:19]} Bd7 {[%emt 0:17:57]} 19. f4 {[%emt 0:02:21]} Na6 {[%emt 0:07:37]} 20. Qa3 {[%emt 0:01:06]} Qxa3 {[%emt 0:00:50]} 21. Nxa3 {[%emt 0:01:55]} Nh5 {[%emt 0:00:48]} 22. Kh2 {[%emt 0:01:16]} f6 {[%emt 0:01:48]} 23. Nc2 {[%emt 0:01:15]} Re8 {[%emt 0:02:16]} 24. fxe5 {[%emt 0:01:02]} fxe5 {[%emt 0:00:01]} 25. Ra1 {[%emt 0:05:10]} Bc6 {[%emt 0:00:01]} 26. Ne1 {[%emt 0:06:14]} Nb4 {[%emt 0:00:25]} 27. Ra3 {[%emt 0:00:07]} Rf8 {[%emt 0:03:13]} 28. Bf3 {[%emt 0:01:12]} Nf6 {[%emt 0:00:10]} 29. Rb3 {[%emt 0:01:33]} Na6 {[%emt 0:00:00]} 30. Nd3 {[%emt 0:00:09]} Nd7 {[%emt 0:00:01]} 31. Ra3 {[%emt 0:00:22]} Nac5 {[%emt 0:00:44]} 32. Nxc5 {[%emt 0:02:26]} Nxc5 {[%emt 0:00:01]} 33. b4 {[%emt 0:00:14]} Ne6 {[%emt 0:00:00]} 34. h4 {[%emt 0:00:26]} Kf7 {[%emt 0:02:04]} 35. Ra7 {[%emt 0:01:28]} Ke7 {[%emt 0:02:14]} 36. Kg1 {[%emt 0:01:37]} Kd6 {[%emt 0:02:02]} 37. Bg4 {[%emt 0:01:58]} Nd8 {[%emt 0:00:18]} 38. Be2 {[%emt 0:00:42]} Kc7 {[%emt 0:00:24]} 39. c5 {[%emt 0:02:40]} Bd7 {[%emt 0:00:21]} 40. Ra8 {[%emt 0:01:17]} Ne6 {[%emt 0:01:41]} 41. Rxf8 {[%emt 0:53:55]} Nxf8 {[%emt 0:00:49]} 42. Nf3 {[%emt 0:00:00]} Bc6 {[%emt 0:03:19]} 43. Nxe5 {[%emt 0:00:00]} Bxe4 {[%emt 0:00:14]} 1/2-1/2

[Event "FIDE Chesscom Grand Swiss 2019"]
[Site "Douglas-Isle of Man"]
[Date "2019.10.20"]
[Round "10.15"]
[White "Gelfand, Boris"]
[Black "Abasov, Nijat"]
[Result "1/2-1/2"]
[WhiteElo "2686"]
[BlackElo "2632"]
[Annotator "TA"]
[PlyCount "98"]
[EventDate "2019.10.10"]
[EventType "swiss"]
[EventCountry "GBR"]
[SourceTitle "playchess.com"]
[Source "ChessBase"]
[SourceQuality "1"]

{[%evp 16,98,16,15,32,18,33,15,27,12,10,16,4,0,18,19,19,24,37,31,12,0,0,0,21,24,25,13,20,23,46,29,35,40,84,79,104,0,0,0,0,0,0,0,0,0,0,0,0,2,36,2,12,18,20,27,35,35,35,36,232,0,0,-10,-10,-10,-16,-11,-22,-86,0,0,0,-180,0,0,0,0,0,0,0,0,0,0,0]} 1. c4 c5 2. Nf3 Nf6 3. Nc3 d5 4. cxd5 Nxd5 5. e3 Nc6 6. Bb5 Nxc3 7. bxc3 Bd7 8. O-O e6 9. d4 Be7 {D41: Queen's Gambit Declined: Semi-Tarrasch with 5 cxd5} 10. Rb1 O-O 11. e4 (11. Be2 Qc7 12. e4 Rfd8 13. Be3 Na5 14. Bd3 Rac8 15. h4 {½-½ (40) Nakamura,H (2763)-Xiong,J (2656) Douglas 2018}) 11... a6 12. Be2 b5 13. Bf4 $146 ({Predecessor:} 13. d5 exd5 14. exd5 Bf5 15. Rb2 Na5 16. a4 b4 17. cxb4 cxb4 {1-0 (42) Kornev,A (2507)-Vaulin,A (2540) Tomsk 2001}) 13... Na5 14. Bd3 Bc6 15. Qe2 cxd4 16. cxd4 Nc4 17. Rfe1 Rc8 18. Rbc1 Bb4 19. Red1 Bd6 20. Bxd6 Qxd6 21. Bxc4 bxc4 22. Qxc4 Bb7 23. Qd3 Rxc1 24. Rxc1 Qf4 25. Re1 f5 {[%cal Rf5e4]} 26. e5 (26. Qb3 $16 fxe4 27. Qxb7 {[%mdl 64] Double Attack} exf3 28. Qxa6) 26... Rc8 $11 27. Nd2 h5 28. Nb3 h4 29. Nc5 {[%mdl 64] Double Attack} Bd5 30. h3 ({Of course not} 30. Qxa6 Ra8 $17) 30... Rb8 31. Qc3 ({Avoid the trap} 31. Qxa6 $2 Rb2 $19) 31... Qg5 {[%csl Gd5][%cal Rg5g2]} 32. f3 $36 {[%mdl 2048] White has good play.} Rb6 33. a3 (33. Nxa6 $5 Bxf3 34. Qxf3 Rxa6 35. a3 $11) 33... a5 34. Rf1 Kh7 35. Kh1 Rb5 36. Rg1 Qg3 37. Qd2 g5 $2 {[#]} (37... Rb8 $14) 38. Nd7 $2 (38. Qe2 $1 $18) 38... Kg6 39. Nf6 Bxf3 $1 40. gxf3 Qxh3+ 41. Qh2 Qxf3+ {[%mdl 64] Double Attack} 42. Qg2 Qe3 ({Better is} 42... Qxg2+ $17 43. Kxg2 Rb2+ 44. Kh1 Re2) 43. Nd7 g4 {Strongly threatening ...Rd5.} 44. Nf8+ $2 {[#]} (44. Rf1 $1 $11 {and White is okay.}) 44... Kf7 $2 (44... Kh6 $1 $19 45. Nxe6 Rb6) 45. Nxe6 $1 {[%mdl 64] Decoy. The position is equal.} Kxe6 46. Qc6+ {[%mdl 64] Double Attack} Ke7 {[%cal Re3h3]} 47. Qf6+ {[#]} Ke8 $1 {[%cal Re3h3]} 48. Qe6+ {[#]} Kd8 $1 {[%cal Re3h3]} 49. Qd6+ Ke8 {Accuracy: White = 61%, Black = 65%.} 1/2-1/2

[Event "FIDE Chesscom Grand Swiss 2019"]
[Site "Douglas-Isle of Man"]
[Date "2019.10.20"]
[Round "10.15"]
[White "Baron, Tal"]
[Black "Bluebaum, Matthias"]
[Result "1/2-1/2"]
[WhiteElo "2531"]
[BlackElo "2643"]
[Annotator "ChessBase"]
[PlyCount "62"]
[EventDate "2019.10.10"]
[EventType "swiss"]
[EventCountry "GBR"]
[SourceTitle "playchess.com"]
[Source "ChessBase"]
[SourceQuality "1"]
[TimeControl "40/6000+30:20/3000+30:900+30"]

1. e4 {[%emt 0:00:00]} c6 {[%emt 0:00:00]} 2. d4 {[%emt 0:00:00]} d5 {[%emt 0:00:00]} 3. e5 {[%emt 0:00:00]} Bf5 {[%emt 0:00:00]} 4. h4 {[%emt 0:00:12]} h5 {[%emt 0:00:04]} 5. Bd3 {[%emt 0:00:00]} Bxd3 {[%emt 0:00:05]} 6. Qxd3 {[%emt 0:00:00]} Qa5+ {[%emt 0:00:04]} 7. Nd2 {[%emt 0:00:21]} e6 {[%emt 0:00:38]} 8. Ngf3 {[%emt 0:00:04]} Nh6 {[%emt 0:02:58]} 9. O-O {[%emt 0:00:03]} Qa6 {[%emt 0:02:28]} 10. c4 {[%emt 0:00:53]} Nf5 {[%emt 0:01:23]} 11. b3 {[%emt 0:02:24]} Be7 {[%emt 0:03:13]} 12. a4 {[%emt 0:20:11]} O-O {[%emt 0:12:31]} 13. Ba3 {[%emt 0:02:30]} Bxa3 {[%emt 0:00:25]} 14. Rxa3 {[%emt 0:00:03]} Qa5 {[%emt 0:00:16]} 15. Rc1 {[%emt 0:16:12]} Na6 {[%emt 0:24:15]} 16. Nf1 {[%emt 0:03:47]} Qb4 {[%emt 0:18:34]} 17. Raa1 {[%emt 0:00:36]} Qe7 {[%emt 0:00:04]} 18. Ng3 {[%emt 0:03:56]} Nxh4 {[%emt 0:03:41]} 19. Nxh5 {[%emt 0:00:24]} Nb4 {[%emt 0:02:11]} 20. Qc3 {[%emt 0:03:06]} Nxf3+ {[%emt 0:07:50]} 21. Qxf3 {[%emt 0:00:03]} Qh4 {[%emt 0:00:10]} 22. Nf4 {[%emt 0:10:51]} g6 {[%emt 0:04:59]} 23. g3 {[%emt 0:04:32]} Qg5 {[%emt 0:00:08]} 24. a5 {[%emt 0:03:47]} Rad8 {[%emt 0:06:00]} 25. Qc3 {[%emt 0:02:33]} Qe7 {[%emt 0:01:21]} 26. c5 {[%emt 0:15:50]} Na6 {[%emt 0:00:20]} 27. Qf3 {[%emt 0:01:29]} Qg5 {[%emt 0:01:15]} 28. Kg2 {[%emt 0:03:10]} Kg7 {[%emt 0:00:21]} 29. Qe3 {[%emt 0:00:19]} Qe7 {[%emt 0:03:03]} 30. Qf3 {[%emt 0:00:03]} Qg5 {[%emt 0:00:11]} 31. Qe3 {[%emt 0:00:03]} Qe7 {[%emt 0:00:04]} 1/2-1/2

[Event "FIDE Chesscom Grand Swiss 2019"]
[Site "Douglas-Isle of Man"]
[Date "2019.10.20"]
[Round "10.16"]
[White "Paravyan, David"]
[Black "McShane, Luke J"]
[Result "1-0"]
[WhiteElo "2602"]
[BlackElo "2682"]
[Annotator "TA"]
[PlyCount "123"]
[EventDate "2019.10.10"]
[EventType "swiss"]
[EventCountry "GBR"]
[SourceTitle "playchess.com"]
[Source "ChessBase"]
[SourceQuality "1"]

{[%evp 9,159,4,30,-9,10,8,13,9,11,12,20,29,28,14,34,15,20,13,13,13,24,0,3,0,22,0,15,12,20,18,21,-26,-20,-20,-33,-33,-39,-43,-45,-62,-47,-62,-53,-54,-31,-35,-30,-30,-30,-42,-32,-33,-22,-42,-48,-55,0,0,0,-75,-75,-102,-106,-102,-102,-104,-16,-13,0,-104,-21,-21,-21,-21,-21,-25,-25,-32,-25,-25,-25,-25,-12,-8,0,-9,0,0,143,139,100,103,103,98,305,293,349,349,342,328,302,153,261,166,144,137,142,125,128,126,342,332,691,680,662,662,688,386,984,944,3812,1819,1641,1592,1587,1575,1542,1366,4704,4704,4666,4625,4602,4577,4584,4577,4584,4584,4577,4577,4569,4569,4569,4569,4569,4569,4562,4562,4562,4562,4562,2659]} 1. e4 e5 2. Nf3 Nc6 3. Bb5 Nf6 4. d3 Bc5 5. Nbd2 (5. Bxc6 dxc6 6. Qe2 Qe7 7. h3 Bd6 8. Nbd2 Nd7 9. O-O O-O 10. Nc4 Re8 11. Re1 c5 12. Nh2 Nf8 13. f4 exf4 {½-½ (33) Aronian,L (2763)-Anand,V (2774) Karlsruhe/Baden Baden 2019}) 5... O-O 6. Nb3 {C65: Ruy Lopez: Berlin Defence (3...Nf6), unusual lines and 4 0-0 Bc5} Bd6 7. O-O Re8 8. Re1 {The position is equal.} a6 $146 ({Predecessor:} 8... Bf8 9. Bd2 d6 10. Na5 Qd7 11. Bg5 a6 12. Bxc6 bxc6 13. Bxf6 gxf6 {1-0 (58) Wen,Y (2596)-Fang,Y (2499) Tianjin 2018}) 9. Bxc6 dxc6 10. Bg5 c5 11. c3 Bg4 12. h3 Bh5 13. Na5 b6 14. Nc4 Qe7 15. b3 b5 16. Ne3 Qe6 17. Bh4 Bf8 18. g4 Bg6 19. Bg3 Nd7 20. h4 f6 21. h5 Bf7 22. Kg2 c4 23. bxc4 bxc4 24. dxc4 Red8 25. Qc2 Nb6 {[%mdl 1024] Black has compensation.} 26. Nd2 Qd7 27. Rad1 Qa4 {Strongly threatening ...Qxc2.} 28. Qb3 Qc6 29. f3 Rab8 $36 {[%mdl 2048] Black has good play.} 30. Qc2 Qa4 31. Qxa4 Nxa4 32. Nb3 Rxd1 (32... Nb2 $15 33. Rxd8 Rxd8) 33. Rxd1 $11 Nxc3 34. Rd2 {[#]} (34. Rd7 $11) 34... Nxa2 $1 $17 {[%mdl 576] Remove Defender} 35. Rxa2 {Black must now prevent Na5.} Rxb3 36. Bf2 Ba3 37. Nc2 Be7 (37... Bc1 $1 $17 38. Rxa6 Bxc4) 38. Ne3 $11 Ba3 ({Black should try} 38... h6 $11) 39. Nc2 $1 $17 {[%cal Rc2a3]} Rb2 ({Better is} 39... Bc1 $1 $17 40. Rxa6 Bxc4) 40. Rxa3 $11 {Ne3 is the strong threat.} Rxc2 41. Rxa6 {And now Ra8+ would win.} Bxc4 {[%mdl 4096] Endgame KRB-KRB} 42. Ra3 Kf7 43. Kg3 Ke6 44. Be3 Bb5 45. Ra1 Rb2 46. Rc1 Kd7 47. Rd1+ Kc8 48. g5 Be2 (48... fxg5 $11 {keeps the balance.} 49. Rd5 Bf1) 49. h6 $1 $16 {[%cal Rh6g7]} gxh6 (49... Bxd1 $2 {perishes.} 50. g6 $18) 50. gxf6 Bc4 (50... Bxd1 $2 {loses.} 51. f7 $18) 51. Bc5 {Hoping for Rd5!} Bf7 $2 {[#]} (51... Rb3 $16) 52. Rd5 $1 $18 {[%mdl 512]} Ra2 ({Don't play} 52... Bxd5 53. exd5 Rb8 54. f7 $18) 53. Rxe5 Ra6 {[#]} 54. Be7 $1 Kd7 55. Rb5 (55. f4 $18) 55... Ra8 (55... Rb6 $16 56. Rf5 Rc6) 56. Rb4 Rg8+ 57. Kf2 h5 58. Rd4+ Kc6 59. Rd1 Rg5 $2 (59... Rb8 $16 {might work better.} 60. Ke3 Rb3+ 61. Kf4 Rb2) 60. f4 Rb5 $2 (60... Rg8 61. f5 Kb7) 61. Rg1 Kd7 62. f5 {Played: Rg1-g7} 1-0